000 04476cam a22008174i 4500
001 u12577
003 PE-LiUPU
005 20250731170404.0
008 150617s1985 mx a rb 000 0 spa d
020 _a0070314276
020 _a9780070314276
035 _a(Sirsi) i9780070314276
040 _aPE-LiUPU
_bspa
_cPE-LiUPU
_dPE-LiUPU
_erda
049 _aPRUA
082 0 4 _a155.4
_bH96
_221
082 0 4 _a155.4
_bH96 1985
100 1 _aHurlock, Elizabeth B.,
_eautor.
245 1 0 _aDesarrollo del niño /
_cElizabeth B. Hurlock.
264 1 _aMéxico :
_bMcGraw-Hill,
_c1985.
300 _a608 páginas :
_bilustraciones ;
_c24 centímetros
336 _atext
_2rdacontent
337 _aunmediated
_2rdamedia
338 _avolume
_2rdacarrier
504 _aBibliografía al final de cada capítulo.
505 0 _aEstudios científicos sobre el desarrollo del niño -- Principios del desarrollo -- Fundamentos del patrón de desarrollo -- Efectos del nacimiento sobre el desarrollo. -Desarrollo físico -- Desarrollo motor -- Desarrollo del habla.- Desarrollo emocional. - Desarrollo social -- Adaptaciones sociales -- Desarrollo en los juegos -- Desarrollo de la creatividad -- Desarrollo de la comprensión -- Desarrollo moral -- Intereses comunes en la niñez -- Desarrollo del papel sexual -- Relaciones familiares -- Desarrollo de la personalidad.
526 _aSEG68
526 _aSEG70
526 _aSEG69
526 _aSEG67
526 _aSEG43
526 _aP144
526 _aP143
526 _aP131
526 _aP122
526 _aP120
526 _aP117
526 _aP112
526 _aP110
526 _aP106
526 _aP101
526 _aP80
526 _aP59
526 _aP54
526 _aP35
526 _aP33
526 _aP30
596 _a1 2 3
650 0 4 _aNiños
_xCrecimiento.
650 0 4 _aPsicología infantil.
910 _ajck
_bjvq
_cjck
_d20150616
942 _2ddc
_cBOOK
949 _a155.4 H96 1988
_wDEWEY
_c1
_iFJ07655
_lCCODEBUJ1
_mBUJ
_n3
_p15.00
_q10
_r0
_sY
_tBOOK
_u2017-4-21
_xSALUD
_PP33
_0COMPRA
_o.STAFF. Colección General Juliaca
949 _a155.4 H96
_wDEWEY
_c1
_i31438
_d2017-10-27
_e2016-8-23
_f2018-2-10
_g2
_lCCODEBUL1
_mBUL
_n4
_q1
_r0
_sY
_tBOOK
_u2015-6-17
_xSALUD
_zUNKNOWN
_0COMPRA
_o.STAFF. Colección general
949 _a155.4 H96
_wDEWEY
_c1
_iFT00048
_d2018-4-3
_e2018-4-2
_lCCODEBUT1
_mBUT
_n1
_p{dolar}19.00
_r0
_sY
_tBOOK
_u2016-7-5
_xFSALUD
_PP33
_0COMPRA
_o.STAFF. Colección General Tarapoto
949 _a155.4 H96
_wDEWEY
_c2
_i24710
_d2018-3-6
_e2017-10-1
_f2018-2-10
_g2
_lCCODEBUL1
_mBUL
_n4
_q1
_r0
_sY
_tBOOK
_u2015-6-17
_xSALUD
_zUNKNOWN
_0COMPRA
_o.STAFF. Ciencias de la Salud
949 _a155.4 H96
_wDEWEY
_c3
_i24711
_d2016-4-27
_e2016-4-27
_f2018-2-10
_g2
_lCCODEBUL1
_mBUL
_n1
_r0
_sY
_tBOOK
_u2015-6-17
_xSALUD
_zUNKNOWN
_0COMPRA
_o.STAFF. Colección general
949 _a155.4 H96
_wDEWEY
_c4
_i24712
_d2018-3-26
_e2016-4-27
_f2018-2-10
_g2
_lCCODEBUL1
_mBUL
_n1
_q2
_r0
_sY
_tBOOK
_u2015-6-17
_xSALUD
_zUNKNOWN
_0COMPRA
_o.STAFF. Colección general
994 _aC0
_bPEPRU
999 _a155.4 H96
_wDEWEY
_c2850
_i31438
_d2850
_e2016-8-23
_f2019-12-10
_g4
_lDISCARD
_mBUL
_n4
_q1
_r0
_sY
_tBOOK
_u2015-6-17
_xSALUD
_zUNKNOWN
_0COMPRA
_o.STAFF. Colección general
999 _a155.4 H96
_wDEWEY
_c2
_i24710
_d2019-3-18
_e2019-3-7
_f2021-11-3
_g5
_lCCODEBUL1
_mBUL
_n6
_p15.00
_q1
_r0
_sY
_tBOOK
_u2015-6-17
_xSALUD
_zUNKNOWN
_0COMPRA
_o.STAFF. Colección Ciencias de la Salud
999 _a155.4 H96
_wDEWEY
_c3
_i24711
_d2019-5-29
_e2016-4-27
_f2019-12-10
_g4
_lDISCARD
_mBUL
_n1
_q1
_r0
_sY
_tBOOK
_u2015-6-17
_xSALUD
_zUNKNOWN
_0COMPRA
_o.STAFF. Colección general
999 _a155.4 H96
_wDEWEY
_c4
_i24712
_d2018-3-26
_e2016-4-27
_f2019-12-10
_g4
_lDISCARD
_mBUL
_n1
_q2
_r0
_sY
_tBOOK
_u2015-6-17
_xSALUD
_zUNKNOWN
_0COMPRA
_o.STAFF. Colección general
999 _a155.4 H96 1985
_wDEWEY
_c1
_iFT00048
_d2018-4-3
_e2018-4-2
_f2019-2-20
_g1
_lCCODEBUT1
_mBUT
_n1
_p19.00
_r1
_sY
_tBOOK
_u2016-7-5
_xBIBLIOTECA
_PP33
_0COMPRA
_o.STAFF. Colección General Tarapoto
999 _a155.4 H96 1988
_wDEWEY
_c1
_iFJ07655
_d2019-8-19
_e2019-8-15
_f2022-1-17
_g4
_lCCODEBUJ1
_mBUJ
_n4
_p15.00
_q16
_r0
_sY
_tBOOK
_u2017-4-21
_xSALUD
_PP33
_0COMPRA
_o.STAFF. Colección General Juliaca
980 _81
_gALBERTO SANCHEZ Responsable de Automatización